| 000 | 00357nam a22001577a 4500 | ||
|---|---|---|---|
| 003 | SGT | ||
| 020 | _a9780390777723 | ||
| 082 |
_a612 _bS24V |
||
| 100 | _aVERMA. SUNIL | ||
| 245 | _aSHARIRA KIYA VIGYAN | ||
| 260 |
_aVARANASI _bCHAUKHAMBHA PUB. _c2024 |
||
| 300 | _a348 | ||
| 650 | _aAYURVEDA | ||
| 653 | _aSHARIRA VIGYAN , KRIYA VIGYAN | ||
| 942 |
_2ddc _cBK |
||
| 999 |
_c34543 _d34543 |
||